|
|
|
|
| LEADER |
03924nam a22003973i 4500 |
| 001 |
EBC6913544 |
| 003 |
MiAaPQ |
| 005 |
20231204023221.0 |
| 006 |
m o d | |
| 007 |
cr cnu|||||||| |
| 008 |
231204s2019 xx o ||||0 eng d |
| 020 |
|
|
|a 9788021095014
|q (electronic bk.)
|
| 035 |
|
|
|a (MiAaPQ)EBC6913544
|
| 035 |
|
|
|a (Au-PeEL)EBL6913544
|
| 035 |
|
|
|a (OCoLC)1305841231
|
| 040 |
|
|
|a MiAaPQ
|b eng
|e rda
|e pn
|c MiAaPQ
|d MiAaPQ
|
| 100 |
1 |
|
|a Černoch, Filip.
|
| 245 |
1 |
0 |
|a Exploring and explaining participation in local opposition :
|b brown coal mining in Horní Jiřetín.
|
| 250 |
|
|
|a 1st ed.
|
| 264 |
|
1 |
|a Brno :
|b Masaryk University,
|c 2019.
|
| 264 |
|
4 |
|c {copy}2019.
|
| 300 |
|
|
|a 1 online resource (68 pages)
|
| 336 |
|
|
|a text
|b txt
|2 rdacontent
|
| 337 |
|
|
|a computer
|b c
|2 rdamedia
|
| 338 |
|
|
|a online resource
|b cr
|2 rdacarrier
|
| 505 |
0 |
|
|a Intro -- Preface -- Acknowledgement -- Introduction -- The Czech coal mining sector, its issues, and perspectives -- The history of the Czech coal-mining sector -- From WWII to the Velvet Revolution -- Coal in a liberalized economy -- The impact of mining on the local population -- The Territorial Limits on Brown-coal Mining in the North Bohemian Basin -- Conflict over the Limits -- Interests and their representatives -- The pro-mining camp -- Opponents of mining -- The position of the relevant governmental bureaucracy -- Political parties and the government -- Internal factors affecting the future of the Limits -- The emphasis on nuclear energy -- The role of coal in heating -- The price of resuming mining at the Czechoslovak Army Mine -- The strength of the opposition -- A regional context - the situation in Germany and Poland -- The depiction of coal mining in the media -- Media content -- Media articles -- Local Opposition in Relational Perspective -- Local Opposition: The NIMBY Syndrome and Beyond -- The Relational Approach: Discursive and Social Structure Layers -- Social Networks Analysis -- Discursive and Social Structure Layers of Local Opposition -- Local Opposition and Collective Action Frames -- Local Opposition and Social Networks -- Anti-Fossil Narratives as Collective Action Frames: A Case Study -- Research Design -- Findings -- Social Networks as Micro-mobilization Structures: A Case Study -- Research design -- Findings -- Conclusion -- Literature -- Table 1 - Industrialization in Bohemia (1850-1910) and Czechoslovakia (1950-2000, without Slovakia after 1993) (Kuskova, Gingrich, & -- Krausmann, 2008) -- Table 2 - Reserves at the most impacted mining sites (Melichar, Vojtěch, & -- Ščasný, 2012) -- Table 5 - Corpus statistics: basic annual statistics at the level of articles.
|
| 505 |
8 |
|
|a Table 4 - Coal power plant construction in Poland (Caldecott et al., 2017) -- Table 3 - Hard coal and lignite/brown coal production (IEA, 2017) -- Table 7 - Topic model results: frequencies aggregated at the level of categories -- Table 6 - Topics, article frequencies, and general categories -- Table 8 - Adjacency matrix -- Table 10 - Long-term Cooperation Network Structural Properties -- Table 9 - A summary of frames and framing functions.
|
| 588 |
|
|
|a Description based on publisher supplied metadata and other sources.
|
| 590 |
|
|
|a Electronic reproduction. Ann Arbor, Michigan : ProQuest Ebook Central, 2023. Available via World Wide Web. Access may be limited to ProQuest Ebook Central affiliated libraries.
|
| 655 |
|
4 |
|a Electronic books.
|
| 700 |
1 |
|
|a Lehotský, Lukáš.
|
| 700 |
1 |
|
|a Ocelík, Petr.
|
| 700 |
1 |
|
|a Osička, Jan.
|
| 776 |
0 |
8 |
|i Print version:
|a Černoch, Filip
|t Exploring and explaining participation in local opposition: brown coal mining in Horní Jiřetín
|d Brno : Masaryk University,c2019
|
| 797 |
2 |
|
|a ProQuest (Firm)
|
| 856 |
4 |
0 |
|u https://ebookcentral.proquest.com/lib/matrademy/detail.action?docID=6913544
|z Click to View
|